01274nam a2200253 a 4500001001000000005001700010008004100027041000800068044000700076084002000083100004500103245009500148260007500243300002400318500016800342500022300510500004000733500001000773650005200783650005600835650003400891650004500925740005000970BRCA_254720190320203847.0261108s1863----sp-a---###---#000-0#spa-u aspa asp a155b.M37c18631 aCervantes Saavedra, Miguel ded1547-161610aEl Ingenioso Hidalgo Don Quijote de la Manchaccompuesto por Miguel de Cervantes Saavedra. aBarcelonabSociedad editorial la maravilla : Libreria españolac1863 a693 p.bil.c27 cm. aContenido : Primera parte. Dedicatoria del autor. Prólogo del autor. Versos preliminares. Texto. Segunda parte. Dedicatoria del autor. Prólogo del autor. Texto aEdición bien impresa y, aunque de surtido, con gusto tipográfico. Las ilustraciones, grabadas al boj, son dibujadas por Zarza y ejecutadas por Capuz. Semipiel; lomeras decoradas con adornos dorados Lúdovik Osterc aIncluye índice : De ilustraciones aQM14114aNovela españolayÉpoca clásica, 1500-170014aLiteratura españolayÉpoca clásica, 1500-170014aNovela españolaySiglo XVII14aDon Quijote (Personaje ficticio)eNovela0 aEl Ingenioso Hidalgo Don Quijote de la Mancha